|
|
|
|
| LEADER |
00000nkm a2200000 a 4500 |
| 001 |
vtls010039317 |
| 003 |
SK-MaSNL |
| 005 |
20260512122653.0 |
| 007 |
kp bo |
| 008 |
231214q1905 xo g kuger |
| 015 |
|
|
|a SNBG
|
| 035 |
|
|
|a urn:nbn:sk:snk-km00bkzh
|
| 035 |
|
|
|a urn:nbn:sk:snk-km3lnjp
|
| 035 |
|
|
|a 3CFC4DC4-C2BC-4A2D-9A8A-EB8BEF50CF32
|
| 040 |
|
|
|a SNK
|b slo
|c SNK
|e AACR2
|
| 041 |
0 |
|
|a ger
|
| 043 |
|
|
|a e-xo---
|
| 044 |
|
|
|a xr
|c CZ
|
| 080 |
|
|
|a 725.17
|2 2001
|
| 080 |
|
|
|a 32-051
|2 2011
|
| 080 |
|
|
|a 913(437.611)
|2 2001
|
| 080 |
|
|
|a 913(437.6)
|2 2001
|
| 080 |
|
|
|a 904(084.121)
|2 2011
|
| 245 |
0 |
0 |
|a Pressburg
|h grafika
|b Palais des Hr. Staatspräsident
|
| 260 |
|
|
|a Pressburg
|b Buchhandlung Carl Bayerlein
|c [medzi 1905 a 1945?]
|
| 300 |
|
|
|a 1 pohľadnica
|b čiernobiela
|c 9 x 14 cm
|
| 520 |
8 |
|
|a Zobrazenie: pohľad na Grasalkovičov palác, (v súčastnosti Prezidentský palác)
|
| 610 |
2 |
7 |
|a Prezidentský palác (Bratislava, Slovensko)
|2 SNKKA
|9 410334
|
| 650 |
0 |
7 |
|a paláce
|2 SNKPH
|9 26828
|
| 650 |
0 |
7 |
|a prezidenti
|2 SNKPH
|9 4128
|
| 650 |
0 |
7 |
|a úradné rezidencie
|2 SNKPH
|9 410335
|
| 651 |
|
7 |
|a Bratislava (Slovensko)
|2 SNKPH
|9 14568
|
| 651 |
|
7 |
|a Staré Mesto (Bratislava I, Slovensko)
|2 SNKPH
|9 24484
|
| 655 |
|
7 |
|a pohľadnice kultúrnych pamiatok
|2 SNKPH
|9 70523
|
| 752 |
|
|
|a Slovensko
|d Bratislava
|
| 852 |
|
|
|a Slovenská národná knižnica
|
| 958 |
|
|
|a GC
|
| 958 |
|
|
|a GBN
|
| 958 |
|
|
|a OND
|
| 999 |
|
|
|c 660552
|d 662482
|
| 952 |
|
|
|a SNK
|b SNK
|y PREZ
|7 0
|p 17A0642388
|o snkSP 12404
|3 rekatalogizácia
|0 0
|1 0
|4 0
|d 2010-01-15
|f 1
|l 0
|r 2026-02-23 18:52:09
|w 2026-02-23
|